Todas las selecciones que jugaron con Argentina - Estadísticas

Estadísticas generales
  • Esta prueba ha sido intentada 37 veces
    20 desde el último reinicio
  • La puntuación promedio es 66 de 84
Estadísticas de respuestas
Partidos jugados Selecciones % Correcto
23 Alemania
100%
111 Brasil
100%
96 Chile
100%
43 Colombia
100%
42 Ecuador
100%
11 Estados Unidos
100%
16 Italia
100%
4 Jamaica
100%
31 México
100%
10 Países Bajos
100%
108 Paraguay
100%
56 Perú
100%
8 Portugal
100%
214 Uruguay
100%
30 Venezuela
100%
5 Arabia Saudita
93%
9 Australia
93%
44 Bolivia
93%
3 Canadá
93%
6 Croacia
93%
2 Dinamarca
93%
14 España
93%
15 Inglaterra
93%
1 Irak
93%
2 Irán
93%
7 Japón
93%
3 Panamá
93%
13 Rusia
93%
3 Suecia
93%
5 Bélgica
87%
1 China
87%
3 Corea del Sur
87%
13 Francia
87%
3 Haití
87%
3 Honduras
87%
3 Marruecos
87%
9 Nigeria
87%
2 Noruega
87%
12 Polonia
87%
7 Suiza
87%
2 Austria
80%
3 Bosnia y Herzegovina
80%
2 Catar
80%
2 Egipto
80%
3 El Salvador
80%
4 Escocia
80%
1 Eslovaquia
80%
2 Grecia
80%
7 Hungría
80%
6 Irlanda
80%
1 Nicaragua
80%
6 República Checa
80%
8 Rumania
80%
10 Serbia
80%
1 Argelia
73%
9 Bulgaria
73%
2 Gales
73%
3 Guatemala
73%
2 Angola
67%
2 Camerún
67%
2 Costa de Marfil
67%
8 Costa Rica
67%
1 Eslovenia
67%
1 India
67%
1 Islandia
67%
3 Sudáfrica
67%
1 Túnez
67%
1 Emiratos Árabes Unidos
60%
1 Ghana
60%
1 Indonesia
60%
1 Irlanda del Norte
60%
1* Jordania
60%
1 Albania
53%
1 Curazao
53%
1 Estonia
53%
5 Israel
53%
1 Trinidad y Tobago
53%
1 Bielorrusia
47%
1 Libia
47%
1 Lituania
40%
1 Puerto Rico
40%
1 Hong Kong
33%
1 Singapur
33%
2 Alemania Democrática
7%
No se encontraron pruebas coincidentes
Distribución de puntuación
Porcentaje de gente con cada puntuación
Porcentaje por número respondido
Historial de tus puntuaciones
No has intentado esta prueba desde el último reinicio